LEADER 02658nam a2200325 i 4500 001 000000358032 003 CaOOAMICUS 005 20240905110932.0 008 240415s2024 fr u000 u fre u 020 $a978-2-204-16443-6 040 $aSeMil$bita 100 1 $aPiscini Gianluca.$0(OLS)http://semarc/name/119554 245 10$aJ'ai lu, j'ai compris, j'ai condamné :$baspects littéraires de la polémique antichrétienne antique /$cpar Gianluca Piscini. 264 1$aParis :$bBeauchesne,$c2024. 300 $a648 p. ;$c22 cm 490 1 $aThéologie historique ;$v138 520 0 $aNous ne connaissons que quatre ouvrages littéraires antiques consacrés à la critique de la nouvelle religion : le Discours véritable de Celse, le Contre les chrétiens de Porphyre, le Discours ami de la vérité adressé aux chrétiens d?Hiéroclès Sossianos et le Contre les Galiléens de l?empereur Julien. Leur rédaction est échelonnée entre le IIe et le IVe siècle, période qui voit l?affirmation du christianisme dans le monde gréco-romain. 520 0 $aDans leur combat contre les chrétiens, Celse et ses épigones pouvaient s?inspirer d?une longue tradition polémique, dont l?influence est par ailleurs bien visible dans d?autres textes de Porphyre et Julien. La présente étude analyse les fragments conservés des quatre traités antichrétiens dans leurs rapports avec les motifs et les conventions de la littérature antique. On pourra ainsi mieux comprendre la façon dont ces ouvrages ont été conçus, la place qu?ils occupent dans le panorama littéraire de leur temps et (pour Porphyre et Julien) les liens qui les unissent aux autres oeuvres de leurs auteurs. 600 04$aCelso .$0(OLS)http://semarc/subject/40893 600 04$aPorfirio .$0(OLS)http://semarc/subject/53764 600 04$aFlavio Claudio Giuliano .$0(OLS)http://semarc/subject/51983 600 04$aIerocle : di Alessandria.$0(OLS)http://semarc/subject/55536 650 4$aPolemica anti-cristiana - Sec. 2.-7.$0(OLS)http://semarc/subject/50176 830 0$aThéologie historique ;$v138.$0(OLS)http://semarc/title/80 850 $aSeMil 852 $aSeMil$W1$xVenegono$y1$m2UA A 138$j247598$B249151$CSeMilBibl$Z2$F249151 $81 996 $6020$a978-2-204-16443-6$9(OLS)http://semarc/number/300235 996 $6245$aJ'ai lu, j'ai compris, j'ai condamné :$baspects littéraires de la polémique antichrétienne antique$9(OLS)http://semarc/title/448306 996 $6264$aParis :$bBeauchesne$9(OLS)http://semarc/publisher/29638 LEADER 00988nam a2200241 i 4500 001 000000132265 003 CaOOAMICUS 005 20041203000000.0 008 041203s1999 it u000 u ita u 013 $a105208 020 $a88-7610-736-3 040 $aSeMil$bita 100 1 $aAnonimo.$0(OLS)http://semarc/name/19638 245 10$aAnche in Vaticano :$baneddoti, curiosità, facezie sui Papi del 20. secolo /$cAnonymus. 260 $aMilano :$bÀncora,$c1999. 300 $a137 p. ;$c21 cm. 650 4$aPapi - Sec. 20. - Aneddoti.$0(OLS)http://semarc/subject/26035 850 $aSeMil 852 $aSeMil$W1$xVenegono$y1$m3A II 23$j86182$B86182$CSeMilBibl$Z2$F90270 $81 961 $aOmaggio: Lattuada mons. Giovanni 996 $6020$a88-7610-736-3$9(OLS)http://semarc/number/119255 996 $6245$aAnche in Vaticano :$baneddoti, curiosità, facezie sui Papi del 20. secolo$9(OLS)http://semarc/title/194335 996 $6260$aMilano :$bÀncora$9(OLS)http://semarc/publisher/29763